000 00334nam a2200145Ia 4500
008 191201s1987 xx 000 0 und d
082 _a658
_bMAE
100 _aMASSIE, Joseph L
245 0 _aEssentials of Management
250 _a4th
260 _aN.Delhi
_bPrentice Hall
_c1987
300 _a301
650 _aMBA
942 _2ddc
_cBK
999 _c2656
_d2656